000 00269nam a2200097Ia 4500
005 20250424112914.0
008 250424s9999 xx 000 0 und d
300 _av. : ill. ; 30 cm.
650 _aEngineering--Periodicals. Engineering--Nigeria--Periodicals.
942 _cSR
999 _c37801
_d37801